000 01268nam a2200229Ii 4500
003 JO-AjNU
005 20240623124714.0
008 230605s9999||||xx |||||||||||||| ||und||
040 _aJO-AjNU
_bara
_erda
_cJO-AjNU
041 _aara
050 1 4 _aBP144 2017
100 3 _aاعداد المحمود، ميساء علي عيسى؛ اشراف احمد مصطفى القضاة,
_eauthor
_957875
245 0 0 _aنظام صندوق تسليف النفقة الاردني لسنة 2015م: دراسة فقهية في ضوء قانون الاحوال الشخصبة الاردني رقم 36 لسنة 2010م = Jordanian alimony fund regulation for the year of 2015 : A jurisprudence study in the light of Jordanian personal status law No 36. Of year 2010
260 _c2017
300 _a72 ورقة
336 _atext
_btxt
_2rdacontent
337 _aunmediated
_bn
_2rdamedia
338 _avolume
_bnc
_2rdacarrier
500 _aرسالة جامعية (اطروحة دكتوراة في الفقة واصولة )--اجامعة العلوم الاسلامية العالمية، كلية الدراسات العليا، عمان)، 2017
650 4 _aقانون الاحوال الشخصية الاردني - النفقة - دراسة فقهية
_957876
942 _2lcc
_cTHS
999 _c29529
_d29529